000 00751nam a2200265Ia 4500
005 20260302114242.0
008 008 260114s9999 xx 000 0 eng d
020 _a9781683935490
037 _aTextbook
040 _aCRL
040 _beng
040 _cCRL
041 _2eng
041 _aeng
084 _qCRL
100 _aT. Patrick Hill
_91118218
245 0 _aNo Place for Ethics Judicial Review, Legal Positivism, and the Supreme Court of the United States
260 _bBloomsbury
260 _bFairleigh Dickinson University Press
260 _c2021
650 _aPhilosophy
856 _uhttps://doi.org/10.5040/9781683935490?locatt=label:secondary_bloomsburyCollections
942 _cEBOOK
999 _c1681883
_d1681883